Pandora's box of 101 sins : (Record no. 101493)

MARC details
000 -LEADER
fixed length control field 00659nam a22002177a 4500
005 - DATE AND TIME OF LATEST TRANSACTION
control field 20160727103741.0
010 ## - LCCN (DPL NO)
LC control number ENG-115543
020 ## - INTERNATIONAL STANDARD BOOK NUMBER
International Standard Book Number 9789351480174
Terms of availability 450.00
020 ## - INTERNATIONAL STANDARD BOOK NUMBER
International Standard Book Number 9351480178
Terms of availability 450.00
035 ## - SYSTEM CONTROL NUMBER
System control number EN-99075
037 ## - SOURCE OF ACQUISITION
Source of stock number/acquisition DBAD/PUB
082 ## - DEWEY DECIMAL CLASSIFICATION NUMBER
Classification number 280.21
100 ## - MAIN ENTRY--PERSONAL NAME
Personal name Lovely
245 ## - TITLE STATEMENT
Title Pandora's box of 101 sins :
Statement of responsibility, etc By Lovely
Remainder of title a book based on the holy Bible /
260 ## - PUBLICATION, DISTRIBUTION, ETC. (IMPRINT)
Place of publication, distribution, etc New Delhi
Name of publisher, distributor, etc Christian World Imprints
Date of publication, distribution, etc 2013
270 ## - ADDRESS
Address H-12,Bali Nagar
City New Delhi
Postal code 110015
300 ## - PHYSICAL DESCRIPTION
Extent xxiv,,264p.
Dimensions 23cm(pbk)
490 ## - SERIES STATEMENT
Series statement Christian Heritage Rediscovered-9
500 ## - GENERAL NOTE
General note Includes,index
942 ## - ADDED ENTRY ELEMENTS (KOHA)
Source of classification or shelving scheme Dewey Decimal Classification
Item type English Books
Classification part 280.21
Call number suffix LOV
Holdings
Withdrawn status Lost status Not for loan Collection code Home library Current library Date acquired Source of acquisition Cost, normal purchase price Full call number Barcode Copy number Cost, replacement price Koha item type
    Not For Loan Non-fiction D.B.Act.Division Bawana 26/07/2016 DBAD/PUB 450.00 280.21 LOV EN-99075 1 450.00 English Books

© Delhi Public Library
Hit Counter
free hit counter